Truyện cổ Liễu đôi

Saved in:
Bibliographic Details
Main Author: Bùi, Văn Cường
Corporate Author: Hội văn nghệ dân gian Việt Nam
Format: Book
Language:Vietnamese
Published: Hà Nội Thời Đại 2014
Subjects:
Tags: Add Tag
No Tags, Be the first to tag this record!
Institutions: Trung tâm Học liệu Lê Vũ Hùng, Trường Đại học Đồng Tháp
LEADER 00847aam a22002538a 4500
001 00043757
005 20190311140314.0
008 140604s2013 ||||||viesd
020 # # |a 978 604 942 813 5  |c 0 
041 0 # |a vie 
082 1 # |a 398.209 597 37  |b TR527C 
100 1 # |a Bùi, Văn Cường 
245 1 0 |c Bùi Văn Cường  |a Truyện cổ Liễu đôi 
260 # # |b Thời Đại  |c 2014  |a Hà Nội 
300 # # |a 238 tr.  |c 21 cm. 
500 # # |a ĐTTS ghi: Hội văn nghệ dân gian Việt Nam 
653 # # |a Hà Nam 
653 # # |a Việt Nam 
653 # # |a Văn học dân gian 
653 # # |a truyện cổ 
710 # # |a Hội văn nghệ dân gian Việt Nam 
852 # # |j KD.0025613 
910 0 # |d 11/3/2019 
980 # # |a Trung tâm Học liệu Lê Vũ Hùng, Trường Đại học Đồng Tháp